000 00303nam a22001217a 4500
003 OSt
008 250109b |||||||| |||| 00| 0 eng d
041 _aeng
100 _aDesai,Bhanu L
_96896
245 _aPlanning and Planting Designs of Home Gardens
260 _aNew Delhi:
_bICAR,
_c1979.
942 _cBK
999 _c18993
_d18993